Введение в автоматизированное проектирование технических устройств и систем: учебное пособие

Bibliographische Detailangaben
1. Verfasser: Норенков И. П. Игорь Петрович
Sprache:Russisch
Veröffentlicht: Москва, Высшая школа, 1986
Schlagworte:
Format: MixedMaterials Buch
KOHA link:https://koha.lib.tpu.ru/cgi-bin/koha/opac-detail.pl?biblionumber=33860

MARC

LEADER 00000nam0a2200000 4500
001 33860
005 20231101210208.0
035 |a (RuTPU)RU\TPU\book\34231 
035 |a BOOK00000882 
090 |a 33860 
100 |a 20011210d1986 m y0rusy50 ca 
101 0 |a rus 
102 |a RU 
105 |a y j 000zy 
200 1 |a Введение в автоматизированное проектирование технических устройств и систем  |e учебное пособие  |f И. П. Норенков 
210 |a Москва  |c Высшая школа  |d 1986 
215 |a 304 с. 
606 1 |a САПР система автоматизированного проектирования  |2 stltpush  |3 (RuTPU)RU\TPU\subj\53841  |9 72006 
610 1 |a технические устройства 
610 1 |a электрические машины 
610 1 |a автоматизированное проектирование 
610 1 |a учебные пособия 
675 |a 658.512.2.011.56(075.8)  |v 3 
700 1 |a Норенков  |b И. П.  |g Игорь Петрович 
801 0 |a RU  |b 63413507  |c 20011210  |g PSBO 
801 2 |a RU  |b 63413507  |c 20160418  |g PSBO 
900 |a Проектирование и САПР электрических машин 
900 |a Основы автоматизированного проектирования изделий машиностроения 
900 |a Системы автоматизированного проектирования электрических машин 
900 |a Парогенераторы АЭС 
900 |a Системы автоматизированного проектирования технологических процессов 
900 |a Проектирование электрических машин 
900 |a Методы анализа и расчета электронных схем 
942 |c BK